<?xml version="1.0" encoding="UTF-8"?>
<collection xmlns="http://www.loc.gov/MARC21/slim">
 <record>
  <leader>00930nam a2200241 ar4500</leader>
  <controlfield tag="001">1/50609</controlfield>
  <controlfield tag="008">051213s1990    lu  u pdd     0    0gre  </controlfield>
  <datafield tag="022" ind1="0" ind2=" ">
   <subfield code="a">1016-8060 (print)</subfield>
  </datafield>
  <datafield tag="022" ind1="0" ind2=" ">
   <subfield code="a">1725-3187 (online)</subfield>
  </datafield>
  <datafield tag="024" ind1="0" ind2=" ">
   <subfield code="a">II/101/90-EN</subfield>
  </datafield>
  <datafield tag="035" ind1=" " ind2=" ">
   <subfield code="l">30969</subfield>
  </datafield>
  <datafield tag="040" ind1=" " ind2=" ">
   <subfield code="a">GR-PeUP</subfield>
  </datafield>
  <datafield tag="041" ind1="0" ind2=" ">
   <subfield code="a">eng</subfield>
  </datafield>
  <datafield tag="099" ind1=" " ind2="0">
   <subfield code="a">ΚΕΤ Αλφαβητική σειρά</subfield>
  </datafield>
  <datafield tag="245" ind1="0" ind2="0">
   <subfield code="a">European Labour markets :</subfield>
   <subfield code="b">a long run view CEPS Macroeconomic Policy Group 1989 Annual Report /</subfield>
   <subfield code="c">J.-P. Danthine.</subfield>
  </datafield>
  <datafield tag="260" ind1=" " ind2=" ">
   <subfield code="a">Brussels ;</subfield>
   <subfield code="a">Belgium :</subfield>
   <subfield code="b">European Commission: Directorate-General for Economic and Financial Affairs,</subfield>
   <subfield code="c">1990.</subfield>
  </datafield>
  <datafield tag="300" ind1=" " ind2=" ">
   <subfield code="a">81 σ. ;</subfield>
   <subfield code="c">30 εκ.</subfield>
  </datafield>
  <datafield tag="490" ind1="1" ind2=" ">
   <subfield code="a">European Economy. Economic papers ;</subfield>
  </datafield>
  <datafield tag="500" ind1=" " ind2=" ">
   <subfield code="a">Internal paper</subfield>
  </datafield>
  <datafield tag="580" ind1=" " ind2=" ">
   <subfield code="a">Economic Papers</subfield>
  </datafield>
  <datafield tag="710" ind1="2" ind2=" ">
   <subfield code="a">European Commission : Directorate-General for Economic and Financial Affairs.</subfield>
  </datafield>
  <datafield tag="773" ind1="0" ind2=" ">
   <subfield code="a">Economic papers</subfield>
   <subfield code="g">February 1990, No 78.</subfield>
  </datafield>
  <datafield tag="830" ind1=" " ind2=" ">
   <subfield code="a">European Economy. Economic papers ;</subfield>
   <subfield code="v">78.</subfield>
  </datafield>
 </record>
</collection>
